| 000 | 00462nam a2200157Ia 4500 | ||
|---|---|---|---|
| 003 | LK-CoDNM | ||
| 008 | 010623t1983 xxu||||| |||| 00| 1 eng d | ||
| 040 |
_aLK-CoDNM _dLK-CoDNM _eLK-CoDNM |
||
| 041 | _aeng | ||
| 080 | _a(x) 378.2 [1] | ||
| 245 | _aAdmission to undergraduate courses in the universities university colleges of Sri Lanka | ||
| 260 |
_bUniversity grants commission _c1983 |
||
| 300 | _b90, 21.5 cm | ||
| 650 | _aHigher education | ||
| 942 | _cBK | ||
| 999 |
_c112090 _d112090 |
||